000 00347 a2200121 4500
000 nam a22 7a 4500
005 20260101120114.0
020 _a978-0-8389-3652-4
100 _aBomhold, Catharine ed.
_9860918
245 _aServing the underserved: strategies for inclusive community engagement
260 _bNeal-Schuman
_c2025
942 _cTB
999 _c1466758
_d1466758